[Event "AUT_2BO_200607"]
[Site "6 810Zwettl,4 511Bruck/L,2"]
[Date "2007.03.10"]
[Round "8"]
[Board "4"]
[White "Neff, Gregor"]
[Black "Smolen, Jan"]
[Result "0-1"]
[WhiteElo "2133"]
[BlackElo "2327"]
[PlyCount "76"]
[EventDate "2006.10.06"]
[EventType "team"]
[EventRounds "11"]
[EventCountry "AUT"]
[WhiteTeam "SV Tschaturanga Neubau"]
[BlackTeam "OMV Pamhagen"]

1.e4 d5 2.exd5 Qxd5 3.Nc3 Qa5 4.d4 Nf6 5.Nf3 Nc6 6.Bb5 Nd5 7.Bxc6+ bxc6 8.O-O
Nxc3 9.bxc3 e6 10.Re1 Qxc3 11.Bf4 Bd6 12.Ne5 O-O 13.Re3 Qa5 14.c4 c5 15.Nc6 Qb6
16.Bxd6 cxd6 17.Ne7+ Kh8 18.Rh3 h6 19.Qd2 Kh7 20.Qd3+ f5 21.Rb1 Qc7 22.Nxc8
Raxc8 23.d5 e5 24.Qc2 e4 25.Rhb3 Rf7 26.a4 Re8 27.Rb5 Qe7 28.Re1 Qg5 29.Rb3 Rfe7
30.a5 Kh8 31.Rg3 Qf6 32.h3 f4 33.Rb3 Re5 34.a6 Qh4 35.Reb1 f3 36.Rb8 fxg2
37.Rxe8+ Rxe8 38.Kxg2 Qg5+ {Zeit}

[Event "AUT_2BO_200607"]
[Site "6 810Zwettl,4 511Bruck/L,2"]
[Date "2007.03.10"]
[Round "8"]
[Board "5"]
[White "Kuthan, Andreas"]
[Black "Granabetter, Josef"]
[Result "1-0"]
[WhiteElo "2221"]
[BlackElo "2009"]
[PlyCount "79"]
[EventDate "2006.10.06"]
[EventType "team"]
[EventRounds "11"]
[EventCountry "AUT"]
[WhiteTeam "OMV Pamhagen"]
[BlackTeam "SV Tschaturanga Neubau"]

1.e4 c5 2.c3 Nf6 3.e5 Nd5 4.d4 cxd4 5.Nf3 Nc6 6.Bc4 e6 7.cxd4 Nb6 8.Bb3 d5
9.exd6 Bxd6 10.O-O O-O 11.Nc3 h6 12.Re1 Bd7 13.Ne5 Nxe5 14.dxe5 Be7 15.Qg4 Kh8
16.Qh5 Bg5 17.f4 Bh4 18.Rd1 Nd5 19.Nxd5 exd5 20.Bxd5 Qb6+ 21.Kh1 Qf2 22.Qf3 Qxf3
23.Bxf3 Bc6 24.Bxc6 bxc6 25.Be3 Rab8 26.b3 a5 27.Rac1 Rfc8 28.Rd7 Kg8 29.Ra7 Bd8
30.Ra6 c5 31.Rxc5 Be7 32.Rxc8+ Rxc8 33.Rxa5 Rc3 34.Bg1 Rc1 35.g3 Bb4 36.Ra8+ Kh7
37.Kg2 Kg6 38.g4 Bd2 39.Ra6+ Kh7 40.Ra4

[Event "AUT_2BO_200607"]
[Site "6 810Zwettl,4 511Bruck/L,2"]
[Date "2007.03.11"]
[Round "9"]
[Board "1"]
[White "Beim, Valeri"]
[Black "Papp, Gabor"]
[Result "1/2-1/2"]
[WhiteElo "2514"]
[BlackElo "2466"]
[PlyCount "46"]
[EventDate "2006.10.06"]
[EventType "team"]
[EventRounds "11"]
[EventCountry "AUT"]
[WhiteTeam "SV Tschaturanga Neubau"]
[BlackTeam "ASVOe SK Mattersburg"]

1.d4 Nf6 2.c4 e6 3.Nf3 b6 4.g3 Ba6 5.Qb3 Nc6 6.Nbd2 Na5 7.Qc3 c5 8.dxc5 bxc5
9.e4 d6 10.a3 Bb7 11.b4 Nc6 12.Bg2 Qc7 13.b5 Nd8 14.Qd3 e5 15.O-O Ne6 16.a4 a5
17.Ne1 Nd4 18.Nc2 Be7 19.Bb2 Nd7 20.Ne3 O-O 21.Nd5 Bxd5 22.cxd5 Nb6 23.Nc4 Nxc4

[Event "AUT_2BO_200607"]
[Site "6 810Zwettl,4 511Bruck/L,2"]
[Date "2007.03.11"]
[Round "9"]
[Board "2"]
[White "Petran, Peter"]
[Black "Kleiser, Gregor"]
[Result "1/2-1/2"]
[WhiteElo "2320"]
[BlackElo "2276"]
[PlyCount "121"]
[EventDate "2006.10.06"]
[EventType "team"]
[EventRounds "11"]
[EventCountry "AUT"]
[WhiteTeam "ASVOe SK Mattersburg"]
[BlackTeam "SV Tschaturanga Neubau"]

1.g3 d5 2.Bg2 Nf6 3.d3 e5 4.Nf3 Nc6 5.O-O Be7 6.Bg5 O-O 7.Nc3 Be6 8.e4 dxe4
9.dxe4 h6 10.Bxf6 Bxf6 11.Nd5 Nd4 12.Nxf6+ Qxf6 13.Nxd4 Rfd8 14.c3 c5 15.Qe2
cxd4 16.cxd4 Rxd4 17.Rfd1 Bc4 18.Qc2 Rad8 19.Rxd4 Rxd4 20.b3 Ba6 21.Bf1 Bxf1
22.Rxf1 b6 23.Rc1 a5 24.Qc8+ Rd8 25.Qc7 Rd2 26.Qc8+ Kh7 27.Qf5+ Qxf5 28.exf5
Rxa2 29.Rc6 Rb2 30.Rxb6 a4 31.Ra6 axb3 32.Rb6 h5 33.Rb4 g6 34.fxg6+ Kxg6 35.Kg2
Kf5 36.Kf3 Rb1 37.h3 b2 38.Kg2 Kg5 39.h4+ Kg6 40.Rb6+ f6 41.Rb7 Kf5 42.Rb4 Ke6
43.Rb6+ Kf7 44.Rb7+ Kg6 45.Rb5 f5 46.Rb6+ Kf7 47.Rb7+ Ke6 48.Rb6+ Kd5 49.Rb5+
Kc4 50.Rb8 Kd3 51.Rd8+ Ke4 52.Rb8 Kd3 53.Rd8+ Kc3 54.Rc8+ Kd2 55.Rd8+ Ke1 56.Rb8
Ke2 57.Rb7 e4 58.Rb8 e3 59.fxe3 Kd3 60.Rd8+ Ke4 61.Re8+

[Event "AUT_2BO_200607"]
[Site "6 810Zwettl,4 511Bruck/L,2"]
[Date "2007.03.11"]
[Round "9"]
[Board "3"]
[White "Ernst, Michael"]
[Black "Brod, Manfred"]
[Result "0-1"]
[WhiteElo "2177"]
[BlackElo "2258"]
[PlyCount "57"]
[EventDate "2006.10.06"]
[EventType "team"]
[EventRounds "11"]
[EventCountry "AUT"]
[WhiteTeam "SV Tschaturanga Neubau"]
[BlackTeam "ASVOe SK Mattersburg"]

1.d4 d5 2.c4 dxc4 3.Nf3 Nf6 4.e3 e6 5.Bxc4 c5 6.Qe2 a6 7.dxc5 Bxc5 8.O-O b5
9.Bb3 Bb7 10.Nc3 Nbd7 11.a3 O-O 12.e4 Ng4 13.Ng5 Nde5 14.Nxe6 Qd6 15.Rd1 Nf3+
16.Qxf3 Qxh2+ 17.Kf1 fxe6 18.Bxe6+ Kh8 19.Bf5 Nxf2 20.Re1 Nd3 21.Qxd3 Rxf5+
22.Ke2 Qxg2+ 23.Kd1 Rff8 24.Bd2 Rad8 25.Nd5 Bxd5 26.exd5 Rxd5 27.Qe2 Rf2 28.Qe8+
Bf8 29.Re2

[Event "AUT_2BO_200607"]
[Site "6 810Zwettl,4 511Bruck/L,2"]
[Date "2007.03.11"]
[Round "9"]
[Board "5"]
[White "Granabetter, Josef"]
[Black "Salamon, Werner"]
[Result "1/2-1/2"]
[WhiteElo "2009"]
[BlackElo "2176"]
[PlyCount "31"]
[EventDate "2006.10.06"]
[EventType "team"]
[EventRounds "11"]
[EventCountry "AUT"]
[WhiteTeam "SV Tschaturanga Neubau"]
[BlackTeam "ASVOe SK Mattersburg"]

1.e4 e5 2.Nc3 Nc6 3.Bc4 Nf6 4.d3 Bb4 5.Nge2 d5 6.exd5 Nxd5 7.Bxd5 Qxd5 8.O-O Qd8
9.f4 exf4 10.Bxf4 O-O 11.Qe1 Bd6 12.Qg3 Bxf4 13.Rxf4 Be6 14.Ne4 Nd4 15.Nf6+ Qxf6
16.Nxd4

[Event "AUT_2BO_200607"]
[Site "6 810Zwettl,4 511Bruck/L,2"]
[Date "2007.03.11"]
[Round "9"]
[Board "1"]
[White "Rudolf, Herbert"]
[Black "Alvir, Aco"]
[Result "1/2-1/2"]
[WhiteElo "2216"]
[BlackElo "2370"]
[PlyCount "38"]
[EventDate "2006.10.06"]
[EventType "team"]
[EventRounds "11"]
[EventCountry "AUT"]
[WhiteTeam "ASVOe Wulkaprodersdorf"]
[BlackTeam "OMV Pamhagen"]

1.e4 g6 2.d4 Bg7 3.Nf3 d6 4.Nc3 Nf6 5.Be2 O-O 6.O-O Nc6 7.d5 Nb8 8.h3 c6 9.Re1
Re8 10.Bg5 h6 11.Bf4 cxd5 12.exd5 Nbd7 13.Qd2 Kh7 14.a4 a6 15.Bf1 Nf8 16.a5 b5
17.axb6 Qxb6 18.Na4 Qb7 19.c4 e5

[Event "AUT_2BO_200607"]
[Site "6 810Zwettl,4 511Bruck/L,2"]
[Date "2007.03.11"]
[Round "9"]
[Board "2"]
[White "Lipka, Juraj"]
[Black "Steinwender, Peter"]
[Result "1-0"]
[WhiteElo "2418"]
[BlackElo "2111"]
[PlyCount "133"]
[EventDate "2006.10.06"]
[EventType "team"]
[EventRounds "11"]
[EventCountry "AUT"]
[WhiteTeam "OMV Pamhagen"]
[BlackTeam "ASVOe Wulkaprodersdorf"]

1.Nf3 Nf6 2.c4 c5 3.g3 b6 4.Bg2 Bb7 5.O-O e6 6.Nc3 Be7 7.Re1 O-O 8.e4 d6 9.d4
cxd4 10.Nxd4 Nfd7 11.b3 a6 12.Bb2 Qc7 13.Rc1 Nc6 14.Nd5 Qd8 15.Nxc6 Bxc6 16.Qd4
e5 17.Qd2 Bxd5 18.Qxd5 Qc7 19.Ba3 Nc5 20.Bh3 a5 21.Rcd1 Ra7 22.Rf1 Qb7 23.f3
Qxd5 24.Rxd5 Re8 25.Bc1 Bf8 26.Be3 Rb7 27.Rb1 Na6 28.Rd2 Reb8 29.Rc1 Be7 30.Kf2
Kf8 31.Bf1 Nc5 32.Rb1 Ra8 33.a3 Ke8 34.Rdd1 Kd7 35.b4 axb4 36.axb4 Ne6 37.Ra1
Rxa1 38.Rxa1 Kc7 39.Ra8 Rb8 40.Rxb8 Kxb8 41.Bxb6 Bg5 42.Bh3 Nd4 43.f4 Bf6 44.Bd7
Be7 45.b5 Kb7 46.Ba5 f6 47.Be8 Nb3 48.Bc6+ Kc8 49.Bb6 Bd8 50.Ba7 Ba5 51.Bd5 Kc7
52.fxe5 fxe5 53.Kf3 Nc5 54.Kg4 Nd7 55.Kf5 Nf8 56.c5 dxc5 57.Bxc5 g6+ 58.Kg5 Bd2+
59.Kg4 Nd7 60.Be7 Be3 61.Bg8 h5+ 62.Kf3 Bg1 63.h4 Bc5 64.Bxc5 Nxc5 65.Bf7 Nd7
66.Bxg6 Nf6 67.g4

[Event "AUT_2BO_200607"]
[Site "6 810Zwettl,4 511Bruck/L,2"]
[Date "2007.03.11"]
[Round "9"]
[Board "4"]
[White "Smolen, Jan"]
[Black "Heiny, Michael"]
[Result "1-0"]
[WhiteElo "2327"]
[BlackElo "1894"]
[PlyCount "45"]
[EventDate "2006.10.06"]
[EventType "team"]
[EventRounds "11"]
[EventCountry "AUT"]
[WhiteTeam "OMV Pamhagen"]
[BlackTeam "ASVOe Wulkaprodersdorf"]

1.e4 e6 2.d4 d5 3.Nd2 c5 4.Ngf3 cxd4 5.Nxd4 Nc6 6.Nxc6 bxc6 7.Bd3 Nf6 8.O-O Be7
9.Qe2 O-O 10.c4 Ba6 11.b3 Bb4 12.Rd1 Bc3 13.Rb1 Rb8 14.e5 Nd7 15.Bxh7+ Kxh7
16.Qd3+ Kg8 17.Qxc3 dxc4 18.Ne4 Qc7 19.Rxd7 Qxd7 20.Nf6+ gxf6 21.Qg3+ Kh7
22.Qh3+ Kg8 23.Qg4+

[Event "AUT_2BO_200607"]
[Site "6 810Zwettl,4 511Bruck/L,2"]
[Date "2007.03.11"]
[Round "9"]
[Board "5"]
[White "Wild, Franz"]
[Black "Kuthan, Andreas"]
[Result "0-1"]
[WhiteElo "1870"]
[BlackElo "2221"]
[PlyCount "92"]
[EventDate "2006.10.06"]
[EventType "team"]
[EventRounds "11"]
[EventCountry "AUT"]
[WhiteTeam "ASVOe Wulkaprodersdorf"]
[BlackTeam "OMV Pamhagen"]

1.e4 e6 2.d4 d5 3.e5 c5 4.c3 Qb6 5.Nf3 Nc6 6.Be2 Nh6 7.dxc5 Bxc5 8.O-O Ng4 9.Qe1
Ngxe5 10.Nxe5 Nxe5 11.Kh1 O-O 12.f4 Ng6 13.h4 Qd8 14.g3 Bd7 15.Nd2 Bc6 16.Kh2 d4
17.Nb3 d3 18.Nxc5 dxe2 19.Rg1 Qf6 20.h5 Qf5 21.g4 Qxc5 22.hxg6 fxg6 23.Qxe2 e5
24.Be3 Qe7 25.Qc4+ Kh8 26.Kg3 exf4+ 27.Bxf4 g5 28.Rae1 gxf4+ 29.Kh3 Qf7 30.Qxf7
Rxf7 31.Kh4 f3 32.Rgf1 h6 33.g5 Rf4+ 34.Kg3 hxg5 35.Re5 Raf8 36.Rf2 Re4 37.Rxg5
Re2 38.b4 Rxf2 39.Kxf2 a6 40.a4 Bxa4 41.c4 Rf4 42.b5 Rxc4 43.bxa6 bxa6 44.Kxf3
Kh7 45.Re5 Bb5 46.Kg3 Ra4

[Event "AUT_2BO_200607"]
[Site "6 810Zwettl,4 511Bruck/L,2"]
[Date "2007.03.11"]
[Round "9"]
[Board "1"]
[White "Varga, Zoltan"]
[Black "Chytilek, Roman"]
[Result "1-0"]
[WhiteElo "2508"]
[BlackElo "2394"]
[PlyCount "49"]
[EventDate "2006.10.06"]
[EventType "team"]
[EventRounds "11"]
[EventCountry "AUT"]
[WhiteTeam "ASVOe SK Lackenbach"]
[BlackTeam "SV Stockerau"]

1.e4 d5 2.exd5 Qxd5 3.Nc3 Qa5 4.g3 Nf6 5.Bg2 Nc6 6.h3 e5 7.d3 Be6 8.Bd2 Qc5 9.b4
Qd6 10.b5 Nd8 11.Nf3 g6 12.O-O Bg7 13.Qe1 Nd7 14.Ne4 Qd5 15.Qd1 Nb6 16.Bh6 O-O
17.Bxg7 Kxg7 18.c4 Qd7 19.Nxe5 Qe7 20.Re1 Qa3 21.Qb3 Qxb3 22.axb3 f6 23.Nf3 Nd7
24.d4 c6 25.Nd6

[Event "AUT_2BO_200607"]
[Site "6 810Zwettl,4 511Bruck/L,2"]
[Date "2007.03.11"]
[Round "9"]
[Board "2"]
[White "Groetz, Harald"]
[Black "Hagara, Eduard"]
[Result "0-1"]
[WhiteElo "2399"]
[BlackElo "2383"]
[PlyCount "60"]
[EventDate "2006.10.06"]
[EventType "team"]
[EventRounds "11"]
[EventCountry "AUT"]
[WhiteTeam "SV Stockerau"]
[BlackTeam "ASVOe SK Lackenbach"]

1.e4 c5 2.Nf3 Nc6 3.d4 cxd4 4.Nxd4 Nf6 5.Nc3 e5 6.Ndb5 d6 7.Bg5 a6 8.Na3 b5
9.Nd5 Be7 10.Bxf6 Bxf6 11.c3 Bg5 12.Nc2 Ne7 13.h4 Bh6 14.a4 bxa4 15.Ncb4 O-O
16.Rxa4 a5 17.Bb5 Nxd5 18.Nxd5 Rb8 19.c4 f5 20.exf5 Bxf5 21.Qe2 Be6 22.Qe4 Kh8
23.O-O Rc8 24.g3 Rc5 25.Rd1 Bxd5 26.Rxd5 Rxd5 27.cxd5 Qb6 28.Bd3 Qxf2+ 29.Kh1 g6
30.h5 Qxg3

[Event "AUT_2BO_200607"]
[Site "6 810Zwettl,4 511Bruck/L,2"]
[Date "2007.03.11"]
[Round "9"]
[Board "3"]
[White "Vajda, Szidonia"]
[Black "Batyte, Daiva"]
[Result "1-0"]
[WhiteElo "2401"]
[BlackElo "2209"]
[PlyCount "153"]
[EventDate "2006.10.06"]
[EventType "team"]
[EventRounds "11"]
[EventCountry "AUT"]
[WhiteTeam "ASVOe SK Lackenbach"]
[BlackTeam "SV Stockerau"]

1.e4 b6 2.d4 Bb7 3.Nd2 g6 4.Ngf3 Bg7 5.Bd3 c5 6.d5 Nf6 7.O-O O-O 8.a4 d6 9.Re1
Na6 10.c3 Nc7 11.Qe2 e5 12.dxe6 Nxe6 13.Nf1 d5 14.exd5 Nxd5 15.Bc4 Ndf4 16.Bxf4
Nxf4 17.Qe7 Qc8 18.Qh4 Nh3+ 19.gxh3 Bxf3 20.Nd2 Bc6 21.Ne4 Qd8 22.Qf4 Qd7
23.Rad1 Qxh3 24.Rd3 Qf5 25.Qxf5 gxf5 26.Nd6 f4 27.Re7 Bf6 28.Rc7 Be8 29.Nxe8
Raxe8 30.Rxa7 Rd8 31.Bd5 Kg7 32.Kg2 Bg5 33.c4 Bf6 34.Rb3 Rd6 35.Kf3 Bd4 36.Rb7
Rh6 37.Kg2 Rg6+ 38.Kf1 Rh6 39.h3 f3 40.Rxf3 Rd6 41.b3 Bf6 42.Ke2 Re8+ 43.Re3 Rf8
44.Rg3+ Kh6 45.Bxf7 Bh4 46.Rf3 Kg5 47.Re7 Kh6 48.Re4 Bg5 49.h4 Bd8 50.Bd5 Rdf6
51.Rxf6+ Rxf6 52.Re5 Bc7 53.Re7 Bd8 54.Rd7 Rf8 55.Be4 Bxh4 56.Rxh7+ Kg5 57.Bf3
Rf4 58.Ke3 Rd4 59.Bd5 Kg6 60.Rb7 Bg5+ 61.Ke2 Rd2+ 62.Ke1 Rb2 63.Rxb6+ Kf5 64.Rb7
Bh4 65.Rf7+ Ke5 66.Rf3 Bg5 67.Kf1 Kd4 68.Kg2 Bd2 69.Bc6 Bc3 70.Bb5 Rxb3 71.a5
Ra3 72.a6 Ra2 73.Rf7 Ke5 74.a7 Ke6 75.Rc7 Bd4 76.Rc6+ Ke5 77.Ra6

[Event "AUT_2BO_200607"]
[Site "6 810Zwettl,4 511Bruck/L,2"]
[Date "2007.03.11"]
[Round "9"]
[Board "4"]
[White "Sadilek, Maximilian"]
[Black "Ranits, Franz"]
[Result "1-0"]
[WhiteElo "2170"]
[BlackElo "2242"]
[PlyCount "53"]
[EventDate "2006.10.06"]
[EventType "team"]
[EventRounds "11"]
[EventCountry "AUT"]
[WhiteTeam "SV Stockerau"]
[BlackTeam "ASVOe SK Lackenbach"]

1.d4 g6 2.e4 Bg7 3.Nc3 c6 4.Be3 d5 5.Qd2 Nf6 6.e5 Ng4 7.Bf4 f6 8.exf6 Nxf6 9.Nf3
Nbd7 10.O-O-O Nh5 11.Bg5 O-O 12.Re1 Bf6 13.h4 Rf7 14.g4 Ng7 15.h5 Nf8 16.hxg6
Nxg6 17.Bxf6 exf6 18.Qh6 Ne6 19.Bd3 Nef4 20.Bf5 Bd7 21.Nh4 Rg7 22.Nxg6 Nxg6
23.Ne2 Qf8 24.Ng3 Bxf5 25.gxf5 Ne7 26.Nh5 Rf7 27.Nxf6+

[Event "AUT_2BO_200607"]
[Site "6 810Zwettl,4 511Bruck/L,2"]
[Date "2007.03.11"]
[Round "9"]
[Board "5"]
[White "Stranz, Richard"]
[Black "Wiedermann, Franz"]
[Result "1-0"]
[WhiteElo "2217"]
[BlackElo "2119"]
[PlyCount "107"]
[EventDate "2006.10.06"]
[EventType "team"]
[EventRounds "11"]
[EventCountry "AUT"]
[WhiteTeam "ASVOe SK Lackenbach"]
[BlackTeam "SV Stockerau"]

1.e4 d5 2.exd5 Qxd5 3.Nc3 Qa5 4.d4 c6 5.Nf3 Bf5 6.Bc4 e6 7.Bd2 Qb6 8.Qe2 Be7
9.O-O-O Nd7 10.Ne5 Nxe5 11.dxe5 h5 12.Ne4 Bxe4 13.Qxe4 Nh6 14.Be3 Bc5 15.Bxe6
Bxe3+ 16.fxe3 O-O 17.Bb3 Ng4 18.e6 Qxe3+ 19.Qxe3 Nxe3 20.exf7+ Kh7 21.Rd7 Rab8
22.Re1 Nxg2 23.Ree7 b5 24.Rxa7 c5 25.Bd5 Nf4 26.Be4+ g6 27.c3 Kg7 28.Kc2 Kf6
29.Rec7 Ke5 30.Re7+ Kf6 31.Rec7 Ke5 32.Bc6 g5 33.Be8 Ne6 34.Re7 Kf6 35.Rab7 Rxb7
36.Rxb7 g4 37.Kd2 Kg5 38.Ke3 Ng7 39.Bxb5 Nf5+ 40.Kf2 Nd6 41.Rb6 Rxf7+ 42.Kg1
Nxb5 43.Rxb5 Kf4 44.Rxc5 h4 45.Rd5 Kf3 46.Rd2 Ke3 47.Rg2 Rf4 48.b3 h3 49.Rb2 Kd3
50.c4 Ke3 51.Rb1 Rf2 52.Re1+ Kf3 53.Rf1 g3 54.Rxf2+

[Event "AUT_2BO_200607"]
[Site "6 810Zwettl,4 511Bruck/L,2"]
[Date "2007.03.11"]
[Round "9"]
[Board "6"]
[White "Schirmbeck, Hannes"]
[Black "Kocsisek, Marcus"]
[Result "0-1"]
[WhiteElo "2141"]
[BlackElo "2216"]
[PlyCount "112"]
[EventDate "2006.10.06"]
[EventType "team"]
[EventRounds "11"]
[EventCountry "AUT"]
[WhiteTeam "SV Stockerau"]
[BlackTeam "ASVOe SK Lackenbach"]

1.e4 Nf6 2.e5 Nd5 3.d4 d6 4.Nf3 g6 5.Be2 Bg7 6.O-O O-O 7.c4 Nb6 8.exd6 cxd6
9.Nc3 Nc6 10.Be3 Bg4 11.c5 Bxf3 12.Bxf3 Nc4 13.Qe2 Nxe3 14.fxe3 dxc5 15.dxc5
Bxc3 16.bxc3 Qa5 17.Qc4 Rac8 18.Rab1 Ne5 19.Qb4 Nxf3+ 20.Rxf3 Qxa2 21.Qxb7 Rxc5
22.Rbf1 Qe6 23.Qxa7 Rxc3 24.Qd4 Rc4 25.Qd3 Re4 26.h3 h5 27.Ra1 Rc8 28.Raf1 f5
29.Ra1 Qe5 30.Qa6 Rc6 31.Qxc6 Qxa1+ 32.Rf1 Qg7 33.Qc5 Qf7 34.Rb1 Qc4 35.Qxc4+
Rxc4 36.Rb2 Kf7 37.Kf2 Kf6 38.Ra2 Ke5 39.Kf3 g5 40.Ra5+ Kf6 41.Ra2 g4+ 42.hxg4
hxg4+ 43.Kf2 Ke5 44.g3 Rb4 45.Ke2 Ke4 46.Rd2 e6 47.Rc2 Rb3 48.Rc4+ Kd5 49.Ra4
Rb2+ 50.Kf1 e5 51.e4+ fxe4 52.Kg1 Rc2 53.Kf1 Rc4 54.Ra8 Kd4 55.Rg8 Kd3 56.Rxg4
Rc1+

[Event "AUT_2BO_200607"]
[Site "6 810Zwettl,4 511Bruck/L,2"]
[Date "2007.03.11"]
[Round "9"]
[Board "1"]
[White "Denk, Adolf"]
[Black "Hangweyrer, Manfred"]
[Result "1-0"]
[WhiteElo "2294"]
[BlackElo "2389"]
[PlyCount "45"]
[EventDate "2006.10.06"]
[EventType "team"]
[EventRounds "11"]
[EventCountry "AUT"]
[WhiteTeam "St POelten"]
[BlackTeam "Austria Wien"]

1.d4 d5 2.Nf3 c5 3.c4 cxd4 4.cxd5 Nf6 5.Qa4+ Qd7 6.Qxd4 Qxd5 7.Nc3 Qxd4 8.Nxd4
a6 9.g3 e5 10.Nb3 Bd7 11.Bg2 Bc6 12.O-O Bxg2 13.Kxg2 Nc6 14.Bg5 Be7 15.Bxf6 Bxf6
16.Nd5 Bd8 17.Nc5 Ra7 18.Rac1 Ne7 19.Rfd1 b6 20.Nxe7 Kxe7 21.Nd3 f6 22.Nb4 Kf7
23.Rc8

[Event "AUT_2BO_200607"]
[Site "6 810Zwettl,4 511Bruck/L,2"]
[Date "2007.03.11"]
[Round "9"]
[Board "2"]
[White "Pokorna, Regina"]
[Black "Roehrl, Karl"]
[Result "1/2-1/2"]
[WhiteElo "2342"]
[BlackElo "2307"]
[PlyCount "93"]
[EventDate "2006.10.06"]
[EventType "team"]
[EventRounds "11"]
[EventCountry "AUT"]
[WhiteTeam "Austria Wien"]
[BlackTeam "St POelten"]

1.e4 c5 2.Nf3 e6 3.d4 cxd4 4.Nxd4 a6 5.Nc3 Qc7 6.Be2 Nf6 7.O-O d6 8.Be3 Nbd7
9.a4 b6 10.f4 Bb7 11.Bf3 Be7 12.Qe1 O-O 13.Qg3 Nc5 14.f5 e5 15.Bh6 Ne8 16.Nde2
Kh8 17.Bg5 h6 18.Bxe7 Qxe7 19.Rad1 Bc6 20.b3 Ra7 21.Qf2 Rb7 22.Rd2 Nf6 23.Qe3
Rd8 24.Rfd1 Rdd7 25.Ng3 b5 26.axb5 axb5 27.Nh5 Ne8 28.Nd5 Bxd5 29.Rxd5 b4 30.Be2
Qh4 31.Ng3 Qf4 32.Qf3 Nf6 33.Rxd6 Rxd6 34.Rxd6 Qc1+ 35.Bd1 Rd7 36.Rxd7 Ncxd7
37.h3 Nc5 38.Kh2 Qd2 39.Be2 Qxc2 40.Bc4 Kg8 41.Qe3 Ncxe4 42.Nxe4 Qxe4 43.Qa7
Qxf5 44.Qxf7+ Kh7 45.Qe7 Qf4+ 46.Kh1 Qc1+ 47.Kh2

[Event "AUT_2BO_200607"]
[Site "6 810Zwettl,4 511Bruck/L,2"]
[Date "2007.03.11"]
[Round "9"]
[Board "3"]
[White "Woeber, Friedrich"]
[Black "Staudner, Oliver"]
[Result "0-1"]
[WhiteElo "2152"]
[BlackElo "2391"]
[PlyCount "130"]
[EventDate "2006.10.06"]
[EventType "team"]
[EventRounds "11"]
[EventCountry "AUT"]
[WhiteTeam "St POelten"]
[BlackTeam "Austria Wien"]

1.e4 e6 2.d4 d5 3.Nc3 Bb4 4.Nge2 dxe4 5.a3 Be7 6.Nxe4 Nf6 7.N2g3 O-O 8.c3 Nbd7
9.Bd3 c5 10.dxc5 Nxc5 11.Nxc5 Bxc5 12.Bg5 h6 13.Bf4 e5 14.Bc1 e4 15.Be2 Qb6
16.O-O a5 17.Qc2 Re8 18.b4 axb4 19.cxb4 Bd4 20.Bb2 e3 21.fxe3 Rxe3 22.Kh1 Be6
23.Rf4 Bxb2 24.Qxb2 Nd5 25.Nf5 Bxf5 26.Rxf5 Qe6 27.Rf2 Nf4 28.Rxf4 Rxe2 29.Qd4
Re1+ 30.Rf1 Rxf1+ 31.Rxf1 Rxa3 32.Qd8+ Kh7 33.h3 Qe4 34.Qd7 Ra2 35.Qf5+ Qxf5
36.Rxf5 Kg6 37.Rb5 Ra7 38.g4 Kf6 39.Kg2 Ke6 40.Kf3 Kd6 41.h4 Kc6 42.Rc5+ Kb6
43.Rf5 Ra1 44.Kf2 f6 45.g5 fxg5 46.hxg5 Rd1 47.gxh6 gxh6 48.Rf6+ Kb5 49.Rxh6 Rd7
50.Rh4 Re7 51.Rg4 Ka4 52.Rh4 b5 53.Rg4 Kb3 54.Rh4 Kc3 55.Rg4 Re5 56.Rh4 Kd3
57.Rg4 Re2+ 58.Kf1 Re6 59.Rg3+ Kc4 60.Rg4+ Kc3 61.Rh4 Kb3 62.Rg4 Re8 63.Rh4 Rc8
64.Ke2 Rc4 65.Rh3+ Kc2

[Event "AUT_2BO_200607"]
[Site "6 810Zwettl,4 511Bruck/L,2"]
[Date "2007.03.11"]
[Round "9"]
[Board "6"]
[White "Rogetzer, Klaus"]
[Black "Sturzeis, Roman"]
[Result "0-1"]
[WhiteElo "2116"]
[BlackElo "2087"]
[PlyCount "36"]
[EventDate "2006.10.06"]
[EventType "team"]
[EventRounds "11"]
[EventCountry "AUT"]
[WhiteTeam "Austria Wien"]
[BlackTeam "St POelten"]

1.d4 Nf6 2.c4 g6 3.Nc3 Bg7 4.e4 d6 5.f3 Nc6 6.Nge2 e5 7.dxe5 Nxe5 8.Ng3 O-O 9.f4
Nc6 10.Be2 h5 11.O-O Ng4 12.f5 Bd4+ 13.Kh1 Nxh2 14.Rf4 Be5 15.Nxh5 gxh5 16.Bxh5
Qg5 17.Nd5 Kh8 18.Qg1 Qxh5

[Event "AUT_2BO_200607"]
[Site "6 810Zwettl,4 511Bruck/L,2"]
[Date "2007.03.11"]
[Round "9"]
[Board "2"]
[White "Pachta, Paul"]
[Black "Steiner, Bruno"]
[Result "1-0"]
[WhiteElo "2300"]
[BlackElo "2259"]
[PlyCount "59"]
[EventDate "2006.10.06"]
[EventType "team"]
[EventRounds "11"]
[EventCountry "AUT"]
[WhiteTeam "Aljechin/Wieden"]
[BlackTeam "1 Wr NeustAedter SV"]

1.d4 d5 2.c4 e6 3.Nc3 Nf6 4.Bg5 Be7 5.e3 O-O 6.Nf3 Nbd7 7.Rc1 c6 8.Qc2 Re8 9.a3
a6 10.h3 dxc4 11.Bxc4 b5 12.Bd3 h6 13.Bh4 c5 14.Bxf6 Bxf6 15.Ne4 cxd4 16.exd4
Nb6 17.Qc6 Be7 18.Nc5 Ra7 19.Qe4 f5 20.Qe2 Bf6 21.O-O Bxd4 22.Nxd4 Qxd4 23.Bxf5
Nc4 24.Bg6 Rf8 25.Nxe6 Bxe6 26.Qxe6+ Kh8 27.Bb1 Nd2 28.Rc8 Raf7 29.Qxf7 Rxc8
30.Qf5

[Event "AUT_2BO_200607"]
[Site "6 810Zwettl,4 511Bruck/L,2"]
[Date "2007.03.11"]
[Round "9"]
[Board "3"]
[White "Posch, Werner"]
[Black "Hodisch, Juri"]
[Result "1/2-1/2"]
[WhiteElo "2225"]
[BlackElo "2349"]
[PlyCount "81"]
[EventDate "2006.10.06"]
[EventType "team"]
[EventRounds "11"]
[EventCountry "AUT"]
[WhiteTeam "1 Wr NeustAedter SV"]
[BlackTeam "Aljechin/Wieden"]

1.e4 e6 2.d3 d5 3.Nd2 Nf6 4.Ngf3 b6 5.e5 Nfd7 6.d4 c5 7.c3 Be7 8.Bb5 a6 9.Bd3
Nc6 10.O-O b5 11.Re1 cxd4 12.cxd4 Qb6 13.Nb3 a5 14.Be3 a4 15.Nc1 a3 16.Rb1 axb2
17.Rxb2 b4 18.Ne2 Ba6 19.Qb1 Bxd3 20.Qxd3 Qa6 21.Qxa6 Rxa6 22.Rc1 h6 23.Rbc2
Ndb8 24.Nd2 O-O 25.Nb3 Rd8 26.Nf4 Rd7 27.Nd3 Rda7 28.g3 Bf8 29.Kg2 Ra8 30.h4 Na5
31.Rc8 Nbc6 32.Rxa8 Rxa8 33.Nxa5 Nxa5 34.Bd2 Nc4 35.Bxb4 Rxa2 36.Bxf8 Kxf8
37.Rb1 Rd2 38.Rb8+ Ke7 39.Rb7+ Ke8 40.Rb8+ Ke7 41.Rb7+

[Event "AUT_2BO_200607"]
[Site "6 810Zwettl,4 511Bruck/L,2"]
[Date "2007.03.11"]
[Round "9"]
[Board "4"]
[White "Vitouch, Anatol"]
[Black "Steiner, Adam"]
[Result "1/2-1/2"]
[WhiteElo "2208"]
[BlackElo "2150"]
[PlyCount "59"]
[EventDate "2006.10.06"]
[EventType "team"]
[EventRounds "11"]
[EventCountry "AUT"]
[WhiteTeam "Aljechin/Wieden"]
[BlackTeam "1 Wr NeustAedter SV"]

1.Nf3 d5 2.c4 d4 3.g3 g6 4.d3 Bg7 5.Bg2 e5 6.O-O Ne7 7.b4 a5 8.b5 O-O 9.a4 c5
10.bxc6 bxc6 11.Ba3 Na6 12.Nbd2 Rb8 13.Nb3 Nb4 14.Nfd2 Qc7 15.Nc5 Rd8 16.Ndb3
Nf5 17.Ne4 Nd6 18.Nec5 Nf5 19.Rb1 Bf8 20.Ne4 c5 21.Nf6+ Kh8 22.Bxb4 axb4 23.Nd5
Qa7 24.a5 Be6 25.Ra1 Ne7 26.Nf6 Ng8 27.Nd5 Ne7 28.Nxe7 Bxe7 29.Qc2 Rd6 30.Ra2

[Event "AUT_2BO_200607"]
[Site "6 810Zwettl,4 511Bruck/L,2"]
[Date "2007.03.11"]
[Round "9"]
[Board "5"]
[White "Todor, Razvan"]
[Black "Wirius, Johannes"]
[Result "1/2-1/2"]
[WhiteElo "2185"]
[BlackElo "2188"]
[PlyCount "39"]
[EventDate "2006.10.06"]
[EventType "team"]
[EventRounds "11"]
[EventCountry "AUT"]
[WhiteTeam "1 Wr NeustAedter SV"]
[BlackTeam "Aljechin/Wieden"]

1.d4 d5 2.Nf3 Bf5 3.Nbd2 Nf6 4.g3 e6 5.Bg2 h6 6.c4 c6 7.O-O Bd6 8.Re1 O-O 9.b3
Nbd7 10.Bb2 Qe7 11.Nh4 Bh7 12.e4 dxe4 13.Nxe4 Ba3 14.Bc3 Bb4 15.Qd2 Bxc3 16.Nxc3
Rad8 17.Qe3 Qb4 18.Rad1 Ne8 19.h3 a6 20.Rc1

[Event "AUT_2BO_200607"]
[Site "6 810Zwettl,4 511Bruck/L,2"]
[Date "2007.03.11"]
[Round "9"]
[Board "6"]
[White "Zaynard, Andreas"]
[Black "Wiedner, Robert"]
[Result "1-0"]
[WhiteElo "2068"]
[BlackElo "2130"]
[PlyCount "43"]
[EventDate "2006.10.06"]
[EventType "team"]
[EventRounds "11"]
[EventCountry "AUT"]
[WhiteTeam "Aljechin/Wieden"]
[BlackTeam "1 Wr NeustAedter SV"]

1.e4 e5 2.Nf3 Nc6 3.Bc4 Bc5 4.Nc3 Nf6 5.d3 d6 6.Bg5 h6 7.Bxf6 Qxf6 8.Nd5 Qd8
9.c3 a6 10.d4 Ba7 11.dxe5 dxe5 12.Qe2 Bc5 13.Rd1 Bd6 14.O-O O-O 15.b4 Bg4 16.Ne3
Bd7 17.Bd5 Qc8 18.Nc4 Rd8 19.Bxf7+ Kxf7 20.Rxd6 Re8 21.Rfd1 Bg4 22.Rxc6